000 00363 a2200109 4500
001 ART_35111
005 20260410162005.0
008 260409a
245 1 0 _aLa cuantificación judicial en el Código Civil y Comercial de la Nación
100 1 _aLencina, Marcelo A.
773 0 _tTemas de derecho civil
_g- Año 1, Nº 3 (dic. 2015)
_wREV34778
999 _c31612
_d31612